[Event "Baltic Sea Cup"]
[Site "Ronne"]
[Date "2007.07.31"]
[Round "2.17"]
[White "Jayaram, Aswin"]
[Black "Stovring, Claus"]
[Result "1-0"]
[WhiteElo "2399"]
[BlackElo "2089"]
[PlyCount "39"]
[EventDate "2007.07.30"]
[EventType "swiss"]
[EventRounds "9"]
[EventCountry "DEN"]
[SourceTitle "EXT 2023"]
[Source "ChessBase"]
[SourceDate "2022.10.05"]
[SourceVersion "1"]
[SourceVersionDate "2022.10.05"]
[SourceQuality "1"]

1. e4 e5 2. Nf3 Nf6 3. Nxe5 d6 4. Nf3 Nxe4 5. d4 d5 6. Bd3 Be7 7. 0-0 Nc6 8. Nc3 Bg4 9. Nxe4 Bxf3 10. Qxf3 Nxd4 11. Qe3 dxe4 12. Qxe4 c6 13. Re1 Ne6 14. Bc4 Nc5 15. Qe5 Kf8 16. Bh6 f6 17. Bxg7+ Kxg7 18. Qxe7+ Qxe7 19. Rxe7+ Kg6 20. b4 1-0